| 000 | 00526nam a2200169Ia 4500 | ||
|---|---|---|---|
| 003 | GCL | ||
| 008 | 140319s9999 xx 000 0 ara d | ||
| 040 |
_aGCL / _cGCL |
||
| 082 | 0 | 4 |
_a822 _bش د |
| 100 | 1 | _aفاروق عبد القادر ( دراسة ) | |
| 245 | 1 | 0 |
_aدقة بدقة / _cفاروق عبد القادر ( دراسة ) |
| 260 |
_a[S.N] : _bالهيئة المصرية العامة للكتاب ، _c1993 |
||
| 300 | _a127 | ||
| 490 | _a | ||
| 650 | 0 | 4 | _aالمسرحيات الاذاعية |
| 942 |
_2ddc _cBK |
||
| 999 |
_c31100 _d31100 |
||